10 Richest Countries in Europe Quiz Stats

Quiz Updated Jul 14, 2016

Challenge
Share
Tweet
Embed
Score 0/10 Timer 03:00
1 Play Today
% Correct
Switzerland
84.3%
Luxembourg
79.8%
Monaco
79.1%
Liechtenstein
70.8%
Germany
69.4%
Norway
65.3%
San Marino
57.9%
Netherlands
56.2%
Austria
44.5%
Ireland
23.9%

You're not logged in!

Compare scores with friends on all Sporcle quizzes.
Sign Up with Email
OR
Log In

You Might Also Like...

Show Comments

Extras

Top Quizzes Today


Score Distribution

Your Account Isn't Verified!

In order to create a playlist on Sporcle, you need to verify the email address you used during registration. Go to your Sporcle Settings to finish the process.